000
00238 a2200109 4500
001
90243
082
_a
891.439308 MAN
090
_c
42564
_d
42564
100
_a
Mansoor Ahmed
245
_a
Mank devi
260
_a
Lahore
_b
Safina
_c
1999
942
_a
NUST-CAE
_k
891.439308 MAN
999
_c
325316
_d
325316